000
00340 a2200157 4500
001
194256
020
_a
978-85-262-9557-5
040
_c
Magnum
100
_a
Iacocca, Michele
240
1
0
_a
O outro lado do lado
_l
por
245
1
0
_a
O outro lado do lado
300
_a
16
362
0
_a
2015
697
_a
LITERATURA INFANTIL
942
_c
BK
999
_c
194256
_d
194256